000 01675cam a22005054i 4500
003 PE-LiUPU
005 20250916182038.0
008 150706s2008 xxka r 000 0 spa d
020 _a9780521712668
035 _a(Sirsi) i9780521712668
040 _aPE-LiUPU
_bspa
_cPE-LiUPU
_erda
049 _aPRUA
082 0 4 _a423
_bC178c
_221
110 _aCambridge University Press,
_eeditor.
_96825
245 0 0 _aCambridge advanced learner's dictionary /
_ceditado por Cambridge University Press ; editor asociado, Elizabeth Walter.
250 _aTercera edición.
264 1 _aCambridge :
_bCambridge University Press,
_c2008.
300 _a01 CD-ROM
300 _a1699 páginas :
_bilustraciones ;
_c23 centímetros
336 _atext
_2rdacontent
337 _aunmediated
_2rdamedia
338 _avolume
_2rdacarrier
504 _aIncluye apéndices y material de referencia.
505 0 _aGrammar codes and abbreviations -- Introducction -- How to use the dictionary -- Numbers that are used as works -- The dictionary -- Colour pictures -- Maps.
526 _aSEG44
526 _aSEG26
526 _aP151
526 _aP150
526 _aP149
526 _aP146
526 _aP145
526 _aP126
526 _aP125
526 _aP92
526 _aP75
526 _aP74
526 _aP27
526 _aP15
650 1 4 _aInglés
_vDiccionarios.
650 2 4 _aInglés
_xTextos para extranjeros
_vManuales.
700 _aWalter, Elizabeth,
_eeditor asociado.
_96826
942 _2ddc
_cBK
980 _818226
_gJaime Vilcazán Jefe de Análisis Documental
999 _c50881
_d50881